[Event "Millionaire Chess Op 2016"]
[Site "Atlantic City USA"]
[Date "2016.10.06"]
[Round "1.1"]
[White "Perez, Robert M"]
[Black "Adhiban, Baskaran"]
[Result "0-1"]
[BlackTitle "GM"]
[WhiteElo "2323"]
[BlackElo "2689"]
[WhiteFideId "2035251"]
[BlackFideId "5018471"]
[EventDate "2016.10.06"]

1. d4 Nf6 2. c4 e6 3. Nc3 Bb4 4. Qc2 d6 5. Nf3 Nbd7 6. g3 O-O 7. Bg2 e5 8. O-O
Re8 9. a3 Bxc3 10. Qxc3 e4 11. Ne1 Nf8 12. Nc2 h5 13. h3 a5 14. b4 axb4 15. axb4
Rxa1 16. Qxa1 d5 17. c5 Bd7 18. Qb2 Qc8 19. Kh2 c6 20. Bg5 N6h7 21. Bf4 h4 22.
Ra1 Ng6 23. Qc1 f6 24. Ra3 Kf7 25. Bd6 Ng5 26. g4 Kg8 27. Kh1 Nf7 28. Bh2 f5 29.
f3 Kh7 30. fxe4 fxg4 31. e5 g3 32. Bg1 Bxh3 33. Rf3 Rf8 34. Qf1 Bxg2+ 35. Qxg2
Ng5 36. Rxf8 Qxf8 37. Be3 Ne4 38. Ne1 Qf5 39. Nd3 h3 40. Qf3 Nh4 41. Qf4 Qxf4
42. Nxf4 Nf2+ 0-1

[Event "Millionaire Chess Op 2016"]
[Site "Atlantic City USA"]
[Date "2016.10.06"]
[Round "1.2"]
[White "Shankland, Samuel L"]
[Black "Burnett, Ronald"]
[Result "1-0"]
[WhiteTitle "GM"]
[BlackTitle "IM"]
[WhiteElo "2679"]
[BlackElo "2317"]
[WhiteFideId "2004887"]
[BlackFideId "2002159"]
[EventDate "2016.10.06"]

1. d4 Nf6 2. c4 c6 3. Nc3 d5 4. e3 g6 5. Nf3 Bg7 6. Be2 O-O 7. O-O dxc4 8. Bxc4
Bg4 9. Be2 Nbd7 10. e4 Nb6 11. Be3 Nfd7 12. Qb3 Be6 13. Qc2 Bc4 14. Rfd1 Rc8 15.
a4 a5 16. Rac1 e6 17. b3 Bxe2 18. Nxe2 Qe7 19. Nf4 f5 20. Bd2 e5 21. dxe5 Nxe5
22. Nxe5 Bxe5 23. Re1 Qd6 24. g3 fxe4 25. Rxe4 Bxf4 26. Bxf4 Qd7 27. Rce1 Nd5
28. Bh6 Rfe8 29. Qb2 Rxe4 30. Rxe4 Qf7 31. Re6 Nc7 32. Rf6 Qe7 33. h4 Re8 34.
Kh2 Qd7 35. h5 Nd5 36. Rf3 Qe7 37. Qd4 Ra8 38. Kg2 Re8 39. Qb2 Ra8 40. Qa1 Re8
41. Qd4 Ra8 42. Qg4 Qd6 43. Bc1 Nf6 44. Qc4+ Qd5 45. hxg6 hxg6 46. Qh4 Rf8 47.
Bb2 Nh5 48. Qc4 Rxf3 49. Qxd5+ cxd5 50. Kxf3 Kf7 1-0

[Event "Millionaire Chess Op 2016"]
[Site "Atlantic City USA"]
[Date "2016.10.06"]
[Round "1.3"]
[White "Shevelev, Dmitri"]
[Black "Mamedov, Rauf"]
[Result "0-1"]
[BlackTitle "GM"]
[WhiteElo "2314"]
[BlackElo "2678"]
[WhiteFideId "2022559"]
[BlackFideId "13401653"]
[EventDate "2016.10.06"]

1. d4 d6 2. Nf3 Nf6 3. g3 g6 4. Bg2 Bg7 5. O-O O-O 6. c4 Nbd7 7. b3 e5 8. Bb2 e4
9. Ne1 Re8 10. Nc2 h5 11. Nc3 Nf8 12. Ne3 c6 13. d5 c5 14. Qc2 Qe7 15. Rae1 h4
16. gxh4 Bd7 17. h5 Nxh5 18. Nxe4 Bxb2 19. Qxb2 f5 20. Nd2 Nf4 21. Kh1 g5 22.
Rg1 N8g6 23. b4 b6 24. Nef1 Nh4 25. Ne3 Kf7 26. Nf3 g4 27. Nxh4 Qxh4 28. Nf1
Qxf2 29. Qc3 Nxe2 30. Rxe2 Rxe2 31. Ng3 Re3 32. Qa1 Rae8 33. Rf1 Re1 0-1

[Event "Millionaire Chess Op 2016"]
[Site "Atlantic City USA"]
[Date "2016.10.06"]
[Round "1.4"]
[White "Iturrizaga Bonelli, Eduardo"]
[Black "Adu, Oladapo"]
[Result "1-0"]
[WhiteTitle "GM"]
[BlackTitle "IM"]
[WhiteElo "2658"]
[BlackElo "2312"]
[WhiteFideId "3901211"]
[BlackFideId "8500258"]
[EventDate "2016.10.06"]

1. Nf3 d5 2. c4 c6 3. e3 Nf6 4. Nc3 e6 5. Qc2 Be7 6. d4 O-O 7. Bd3 Nbd7 8. O-O
Bd6 9. e4 dxc4 10. Bxc4 e5 11. Rd1 Qe7 12. h3 exd4 13. Nxd4 Ne5 14. Bf1 Ng6 15.
g3 Re8 16. Bg2 Bc7 17. f4 Rd8 18. Be3 h5 19. e5 h4 20. Qe2 Re8 21. g4 Nxe5 22.
fxe5 Qxe5 23. Rd3 Qg3 24. Qf3 Qe5 25. Bf2 Qh2+ 26. Kf1 Be6 27. Bg1 Qe5 28. Nxe6
fxe6 29. Bd4 Qh2 30. Bg1 Qe5 31. Re1 Qa5 32. Bf2 Bh2 33. Qe2 Rf8 34. Rf3 Rae8
35. Bxh4 Nd5 36. Nxd5 cxd5 37. Bf2 e5 38. b4 Qd8 39. Rd1 d4 40. Rxf8+ Rxf8 41.
Bf3 Bf4 42. Kg2 1-0

[Event "Millionaire Chess Op 2016"]
[Site "Atlantic City USA"]
[Date "2016.10.06"]
[Round "1.5"]
[White "Wang, Qibiao"]
[Black "Xiong, Jeffery"]
[Result "0-1"]
[BlackTitle "GM"]
[WhiteElo "2311"]
[BlackElo "2647"]
[WhiteFideId "8604282"]
[BlackFideId "2047640"]
[EventDate "2016.10.06"]

1. d4 Nf6 2. Nf3 g6 3. Bf4 Bg7 4. e3 d6 5. h3 O-O 6. Be2 c5 7. c3 Qb6 8. Qc1 Bf5
9. Nbd2 Nbd7 10. Nh4 Be6 11. O-O Rac8 12. Qb1 cxd4 13. exd4 Nd5 14. Bg3 Bh6 15.
f4 Ne3 16. Rf3 Nf5 17. Bf2 Nxh4 18. Bxh4 Bd5 19. Rf2 e5 20. Bg5 Bxg5 21. fxg5
exd4 22. c4 Be6 23. Qe4 Bf5 24. Qh4 d3 25. Bf3 Rce8 26. g4 Be6 27. Ne4 Bxc4 28.
Kg2 Bd5 29. Nf6+ Nxf6 30. gxf6 Bxf3+ 31. Kxf3 Qd4 32. Kg2 Re2 33. Rf1 Rfe8 34.
Kh1 0-1

[Event "Millionaire Chess Op 2016"]
[Site "Atlantic City USA"]
[Date "2016.10.06"]
[Round "1.6"]
[White "Jones, Gawain C B"]
[Black "Anwuli, Daniel"]
[Result "1-0"]
[WhiteTitle "GM"]
[BlackTitle "FM"]
[WhiteElo "2647"]
[BlackElo "2306"]
[WhiteFideId "409561"]
[BlackFideId "8504580"]
[EventDate "2016.10.06"]

1. c4 Nf6 2. g3 c6 3. Nf3 d5 4. Bg2 g6 5. b3 Bg7 6. Bb2 O-O 7. O-O a5 8. Nc3 Ne4
9. d4 Nxc3 10. Bxc3 Bf5 11. Ne5 a4 12. cxd5 cxd5 13. bxa4 Nc6 14. Rc1 Nxe5 15.
dxe5 Be6 16. Qd4 Qd7 17. a5 Rfc8 18. Rfd1 Qb5 19. e3 Rc5 20. Bf1 Qc6 21. a4 f6
22. Bd2 Rc4 23. Bxc4 dxc4 24. Qb6 Qc8 25. Bb4 Kf7 26. Rd2 fxe5 27. Qb5 Qc7 28.
Bc3 e4 29. Bxg7 Kxg7 30. Rb2 Rxa5 31. Qxb7 Qxb7 32. Rxb7 Rxa4 33. Rxe7+ Kf6 34.
Rxh7 Bg4 35. Kf1 Ra2 36. Rc7 Be2+ 37. Kg2 Ra4 38. Rb1 Kg5 39. h3 Bd3 40. Rb5+
Kh6 41. g4 1-0

[Event "Millionaire Chess Op 2016"]
[Site "Atlantic City USA"]
[Date "2016.10.06"]
[Round "1.7"]
[White "Griffith, Kyron W"]
[Black "Shimanov, Aleksandr"]
[Result "0-1"]
[WhiteTitle "FM"]
[BlackTitle "GM"]
[WhiteElo "2295"]
[BlackElo "2639"]
[WhiteFideId "2046318"]
[BlackFideId "4198603"]
[EventDate "2016.10.06"]

1. e4 c6 2. d4 d5 3. e5 Bf5 4. h4 h5 5. c4 e6 6. Nc3 Ne7 7. Nge2 Nd7 8. Ng3 Bg6
9. cxd5 Nxd5 10. Bd3 Bxd3 11. Qxd3 Be7 12. Nge4 Qb6 13. O-O O-O-O 14. Nxd5 cxd5
15. Ng5 Rhf8 16. Bd2 Kb8 17. a4 Rc8 18. a5 Qxb2 19. Rab1 Qc2 20. Qb5 Qc6 21. Qb3
Qa6 22. Bb4 Bxb4 23. Qxb4 Ka8 24. Qe7 Nb8 25. Nxf7 Rce8 26. Qc7 Rc8 27. Qe7 Rce8
28. Qc7 Nc6 29. Ng5 Nxd4 30. Qxg7 Nf5 31. Qg6 Nxh4 32. Qxh5 Rh8 33. Qf7 d4 34.
Qd7 Reg8 35. f4 Nxg2 36. Qxd4 Nxf4 37. Qxf4 Qe2 38. Rf2 Qh5 39. Qf3 Rxg5+ 40.
Kf1 Qxf3 41. Rxf3 a6 42. Rb6 Rxe5 43. Rf7 Rb8 44. Rf6 Rxa5 45. Rfxe6 Ka7 0-1

[Event "Millionaire Chess Op 2016"]
[Site "Atlantic City USA"]
[Date "2016.10.06"]
[Round "1.8"]
[White "Cordova, Emilio"]
[Black "Niemann, Hans M"]
[Result "1-0"]
[WhiteTitle "GM"]
[BlackTitle "FM"]
[WhiteElo "2637"]
[BlackElo "2288"]
[WhiteFideId "3801497"]
[BlackFideId "2093596"]
[EventDate "2016.10.06"]

1. Nf3 Nf6 2. c4 g6 3. b4 a5 4. b5 Bg7 5. Bb2 O-O 6. e3 b6 7. Be2 Bb7 8. d4 d6
9. O-O Nbd7 10. Qc2 e6 11. Nc3 Qe7 12. Na4 Ne4 13. Ne1 e5 14. Bf3 f5 15. Nd3
Rab8 16. Rac1 c5 17. dxe5 dxe5 18. Rcd1 Rfd8 19. Rfe1 Qe6 20. Bxe4 Bxe4 21. f3
Ba8 22. Rd2 Qe7 23. e4 fxe4 24. fxe4 Qe6 25. Nf2 Bh6 26. Rd3 Nf6 27. Rd5 Bxd5
28. exd5 Qf7 29. Bxe5 Re8 30. Qc3 Rb7 31. Rf1 Rf8 32. Qh3 Bg7 33. Nd3 Ng4 34.
Rxf7 Rbxf7 35. g3 Nxe5 36. Nxe5 Bxe5 37. Qe6 Bd4+ 38. Kg2 Kg7 39. d6 g5 40. Qg4
Kg6 41. h4 h6 42. Nxb6 Rf2+ 43. Kh3 R8f5 44. Nd5 Bf6 45. Nf4+ R2xf4 46. gxf4 h5
47. Qxf5+ Kxf5 48. b6 g4+ 49. Kg2 Bxh4 50. b7 Bf6 51. b8=Q h4 52. d7 1-0

[Event "Millionaire Chess Op 2016"]
[Site "Atlantic City USA"]
[Date "2016.10.06"]
[Round "1.9"]
[White "Volkov, Dmitriy"]
[Black "Swiercz, Dariusz"]
[Result "0-1"]
[WhiteTitle "FM"]
[BlackTitle "GM"]
[WhiteElo "2281"]
[BlackElo "2636"]
[WhiteFideId "2095475"]
[BlackFideId "1126881"]
[EventDate "2016.10.06"]

1. e4 c5 2. Nf3 d6 3. d4 cxd4 4. Nxd4 Nf6 5. Nc3 a6 6. h3 e5 7. Nde2 b5 8. g4 b4
9. Nd5 Nxd5 10. exd5 h5 11. g5 h4 12. a3 bxa3 13. Rxa3 Be7 14. Rg1 Bf5 15. Nc3
Qc8 16. Qf3 Bxc2 17. Nb5 O-O 18. Rc3 Qf5 19. Qxf5 Bxf5 20. Nc7 Ra7 21. Be3 Rb7
22. Nxa6 Nxa6 23. Bxa6 Rxb2 24. Bc1 Ra2 25. Bd3 Rc8 26. Rxc8+ Bxc8 27. f4 exf4
28. Bxf4 Bxh3 29. Bd2 Bd8 30. Bc3 Bb6 31. Rh1 Bg2 32. Rxh4 Bf2+ 0-1

[Event "Millionaire Chess Op 2016"]
[Site "Atlantic City USA"]
[Date "2016.10.06"]
[Round "1.10"]
[White "Zhou, Jianchao"]
[Black "Rahul, Srivatshav P"]
[Result "1-0"]
[WhiteTitle "GM"]
[WhiteElo "2630"]
[BlackElo "2277"]
[WhiteFideId "8603537"]
[BlackFideId "25059653"]
[EventDate "2016.10.06"]

1. Nf3 c5 2. e4 e6 3. d4 cxd4 4. Nxd4 Nc6 5. Nc3 Qc7 6. Be3 a6 7. Qf3 d6 8. Be2
Bd7 9. Qg3 b5 10. a3 Nf6 11. O-O Ne5 12. f4 Nc4 13. Bxc4 Qxc4 14. e5 Nd5 15.
Nxd5 Qxd5 16. Rad1 Qe4 17. exd6 O-O-O 18. Nb3 Bc6 19. Bc5 Bd5 20. d7+ Kb8 21.
f5+ Ka8 22. Bxf8 Rhxf8 23. Nc5 Qxc2 24. Rxd5 exd5 25. Qc7 Rxd7 26. Qc6+ 1-0

[Event "Millionaire Chess Op 2016"]
[Site "Atlantic City USA"]
[Date "2016.10.06"]
[Round "1.11"]
[White "Wilson, Elvin"]
[Black "Akobian, Varuzhan"]
[Result "0-1"]
[BlackTitle "GM"]
[WhiteElo "2277"]
[BlackElo "2625"]
[WhiteFideId "2014874"]
[BlackFideId "13300580"]
[EventDate "2016.10.06"]

1. c4 e5 2. g3 Nc6 3. Bg2 h5 4. h4 Nf6 5. Nc3 Bc5 6. a3 d6 7. d3 Ng4 8. e3 a6 9.
Nge2 Ba7 10. b4 Rb8 11. Rb1 Ne7 12. d4 c6 13. f3 exd4 14. exd4 Nh6 15. Bf4 Ng6
16. Bg5 f6 17. Be3 Be6 18. c5 Nf5 19. Bf2 Qd7 20. d5 cxd5 21. Nxd5 dxc5 22. Ndf4
Nxf4 23. Nxf4 Bc4 24. Qxd7+ Kxd7 25. Bh3 Rhe8+ 26. Kd2 Re5 27. Rhe1 Kd6 28.
bxc5+ Bxc5 29. Rxe5 fxe5 30. Bxc5+ Kxc5 31. Nxh5 Rd8+ 32. Ke1 Nd4 33. Rxb7 Nxf3+
34. Kf2 Bd5 35. Rxg7 Rb8 36. Nf6 Rb2+ 37. Ke3 Rb3+ 38. Kf2 Rb2+ 39. Ke3 Rb3+ 40.
Kf2 Bc6 41. h5 Kd4 42. Bd7 Rb2+ 43. Kf1 Nh2+ 44. Ke1 Bf3 45. Ng4 Rb1+ 46. Kd2
Nf1+ 0-1

[Event "Millionaire Chess Op 2016"]
[Site "Atlantic City USA"]
[Date "2016.10.06"]
[Round "1.12"]
[White "Bruzon Batista, Lazaro"]
[Black "Moore, Bobby G. Jr."]
[Result "1-0"]
[WhiteTitle "GM"]
[WhiteElo "2615"]
[BlackElo "2275"]
[WhiteFideId "3503739"]
[BlackFideId "2004925"]
[EventDate "2016.10.06"]

1. c4 g6 2. Nc3 Bg7 3. d4 d6 4. Nf3 Nf6 5. g3 O-O 6. Bg2 Nc6 7. O-O Na5 8. b3 c5
9. Bb2 cxd4 10. Nxd4 Bd7 11. Qd2 Nc6 12. Nxc6 bxc6 13. Rfd1 Qc7 14. h3 Rad8 15.
e4 Bc8 16. Qe3 Nd7 17. Na4 Nb6 18. Bxg7 Kxg7 19. Nc3 Nd7 20. Kh2 Qb6 21. Qe1 Qa5
22. f4 Qh5 23. g4 Qa5 24. a3 g5 25. b4 Qc7 26. e5 dxe5 27. fxg5 Rh8 28. Ne4 h5
29. gxh6+ Rxh6 30. Ng3 Nf6 31. g5 Ng4+ 32. Kg1 Rhd6 33. hxg4 Bxg4 34. Qxe5+ f6
35. gxf6+ exf6 36. Nh5+ Bxh5 37. Qxh5 Rh8 38. Qg4+ Kf7 39. Rxd6 Qxd6 40. Rd1
Qh2+ 41. Kf1 1-0

[Event "Millionaire Chess Op 2016"]
[Site "Atlantic City USA"]
[Date "2016.10.06"]
[Round "2.1"]
[White "Adhiban, Baskaran"]
[Black "Ivanov, Alexander"]
[Result "1/2-1/2"]
[WhiteTitle "GM"]
[BlackTitle "GM"]
[WhiteElo "2689"]
[BlackElo "2476"]
[WhiteFideId "5018471"]
[BlackFideId "2000202"]
[EventDate "2016.10.06"]

1. e4 e5 2. Nf3 Nc6 3. Bc4 Bc5 4. c3 Nf6 5. d3 a6 6. Nbd2 O-O 7. Bb3 d5 8. exd5
Nxd5 9. Ne4 Ba7 10. O-O Kh8 11. Re1 f6 12. d4 exd4 13. Nxd4 Nxd4 14. cxd4 c6 15.
Nc3 Bf5 16. Qf3 Qd7 17. Nxd5 cxd5 18. Qxd5 Qxd5 19. Bxd5 Bxd4 20. Bxb7 Rae8 21.
Rxe8 Rxe8 22. Be3 Bxb2 23. Rd1 a5 24. Rd5 Be4 25. Rb5 Bxb7 26. Rxb7 Bc1 27. Rb5
Kg8 28. Rxa5 Bxe3 29. fxe3 Rxe3 30. Ra7 Re2 31. h4 h5 32. Ra5 Kf7 33. Rxh5 Rxa2 1/2-1/2

[Event "Millionaire Chess Op 2016"]
[Site "Atlantic City USA"]
[Date "2016.10.06"]
[Round "2.2"]
[White "Boros, Denes"]
[Black "Shankland, Samuel L"]
[Result "1/2-1/2"]
[WhiteTitle "GM"]
[BlackTitle "GM"]
[WhiteElo "2447"]
[BlackElo "2679"]
[WhiteFideId "722340"]
[BlackFideId "2004887"]
[EventDate "2016.10.06"]

1. c4 e6 2. Nf3 d5 3. d4 Nf6 4. Bg5 dxc4 5. Nc3 a6 6. a4 Bb4 7. e3 b6 8. Bxc4
Bb7 9. Qb3 Be7 10. Ne5 Nbd7 11. Nxd7 Qxd7 12. O-O O-O 13. Rad1 Rfd8 14. Rfe1 Ne4
15. Bf4 Bd6 16. Nxe4 Bxe4 17. Bg5 Be7 18. Bf4 Bd6 19. Bg5 Rdb8 20. Bf1 Bc6 21.
Ra1 b5 22. a5 e5 23. d5 Bb7 24. e4 f5 25. Qh3 Bc8 26. exf5 Qxf5 27. Qh4 Qf7 28.
Red1 Bb7 29. Qe4 Rf8 30. Be3 g6 31. Rac1 Rad8 32. Be2 Bc8 33. Qc2 Bf5 34. Qc6
Bd7 35. Qc2 Bf5 1/2-1/2

[Event "Millionaire Chess Op 2016"]
[Site "Atlantic City USA"]
[Date "2016.10.06"]
[Round "2.3"]
[White "Mamedov, Rauf"]
[Black "Fishbein, Alexander"]
[Result "1/2-1/2"]
[WhiteTitle "GM"]
[BlackTitle "GM"]
[WhiteElo "2678"]
[BlackElo "2474"]
[WhiteFideId "13401653"]
[BlackFideId "2000377"]
[EventDate "2016.10.06"]

1. e4 c5 2. Nf3 d6 3. Bb5+ Bd7 4. Bxd7+ Nxd7 5. O-O Ngf6 6. Qe2 e6 7. Rd1 Be7 8.
d4 cxd4 9. Nxd4 a6 10. c4 O-O 11. b3 Qa5 12. Bb2 Qh5 13. f3 Rfe8 14. Nc3 Bd8 15.
Kh1 Bc7 16. g4 Qh3 17. Qg2 Qxg2+ 18. Kxg2 Ne5 19. Nde2 Ng6 20. Bc1 h6 21. Be3
Rad8 22. Kf2 Ba5 23. Rac1 Bb4 24. h3 Ba3 25. Rc2 Rc8 26. Nb1 Bc5 27. Bxc5 dxc5
28. Rcd2 Ne5 29. Nbc3 g5 30. f4 gxf4 31. Nxf4 Kf8 32. Nd3 Nfd7 33. Nf4 Ke7 34.
Rd6 Rc6 35. R6d2 Rcc8 36. Ke3 Red8 37. Nh5 Nc6 38. Nf4 Nce5 39. Nd3 Rg8 40. Kf4
Ng6+ 41. Kg3 Nge5 42. Nxe5 Nxe5 43. Kf4 Ng6+ 44. Ke3 Ne5 45. Kf4 Ng6+ 46. Kg3
Ne5 47. Na4 h5 48. Kf4 Ng6+ 49. Ke3 Ne5 50. Nb6 Rc7 51. Kf4 Ng6+ 52. Ke3 Ne5 53.
Kf4 Ng6+ 54. Ke3 Ne5 55. gxh5 Rg3+ 56. Kf4 Rf3+ 57. Kg5 Rxh3 1/2-1/2

[Event "Millionaire Chess Op 2016"]
[Site "Atlantic City USA"]
[Date "2016.10.06"]
[Round "2.4"]
[White "Hambleton, Aman"]
[Black "Iturrizaga Bonelli, Eduardo"]
[Result "0-1"]
[WhiteTitle "IM"]
[BlackTitle "GM"]
[WhiteElo "2436"]
[BlackElo "2658"]
[WhiteFideId "2606577"]
[BlackFideId "3901211"]
[EventDate "2016.10.06"]

1. d4 Nf6 2. c4 b6 3. Nc3 Bb7 4. d5 e6 5. a3 Bd6 6. Nf3 O-O 7. g3 c6 8. Bg5 exd5
9. cxd5 Re8 10. Bg2 h6 11. Bxf6 Qxf6 12. O-O Na6 13. Rc1 Nc7 14. Qc2 Bf8 15.
Rfe1 g6 16. e3 c5 17. e4 d6 18. b4 Na6 19. b5 Nb8 20. Nd1 Nd7 21. Ne3 Qd8 22.
Nc4 Qc7 23. Rcd1 a6 24. e5 axb5 25. e6 Nf6 26. Nfe5 fxe6 27. Nxb6 dxe5 28. Nxa8
Bxa8 29. d6 Qf7 30. Bxa8 Rxa8 31. Qxc5 e4 32. Qxb5 Rd8 33. Qc6 Ng4 34. Re2 e3
35. f4 g5 36. Qf3 Qf5 37. d7 gxf4 38. gxf4 Nf2 39. Rf1 Bc5 40. Qc6 Kf7 41. Rfxf2
exf2+ 42. Kf1 Qb1+ 0-1

[Event "Millionaire Chess Op 2016"]
[Site "Atlantic City USA"]
[Date "2016.10.06"]
[Round "2.5"]
[White "Xiong, Jeffery"]
[Black "Mitkov, Nikola"]
[Result "1-0"]
[WhiteTitle "GM"]
[BlackTitle "GM"]
[WhiteElo "2647"]
[BlackElo "2450"]
[WhiteFideId "2047640"]
[BlackFideId "15000290"]
[EventDate "2016.10.06"]

1. e4 e5 2. Nf3 d6 3. d4 exd4 4. Nxd4 Nf6 5. Nc3 Be7 6. Bf4 O-O 7. Qd2 d5 8.
Ndb5 Bb4 9. exd5 Bf5 10. O-O-O a6 11. Nxc7 Ne4 12. Qd4 Bc5 13. Qe5 Nd6 14. Ne6
fxe6 15. dxe6 Qc8 16. e7 Re8 17. g4 Bg6 18. Rxd6 Bxd6 19. Qxd6 Nc6 20. Bc4+ Kh8
21. Be6 Qb8 22. Qxb8 Nxb8 23. Bd6 Nc6 24. Bd7 Nxe7 25. Bxe8 Rxe8 26. f4 Nc6 27.
f5 Bf7 28. Rd1 Kg8 29. Bg3 Re7 30. Bh4 Re8 31. Bg3 Re7 32. a3 h6 33. Rd6 Kh7 34.
Kd2 Be8 35. h3 Ne5 36. Bxe5 Rxe5 37. Re6 Rxe6 38. fxe6 Bc6 39. e7 Kg6 40. Nd5
Kf7 41. c4 Ke6 42. e8=Q+ 1-0

[Event "Millionaire Chess Op 2016"]
[Site "Atlantic City USA"]
[Date "2016.10.06"]
[Round "2.6"]
[White "Sorkin, Igor"]
[Black "Jones, Gawain C B"]
[Result "1/2-1/2"]
[WhiteTitle "FM"]
[BlackTitle "GM"]
[WhiteElo "2390"]
[BlackElo "2647"]
[WhiteFideId "2803283"]
[BlackFideId "409561"]
[EventDate "2016.10.06"]

1. d4 Nf6 2. Nf3 g6 3. c4 Bg7 4. Nc3 d6 5. e4 O-O 6. Be2 Nbd7 7. O-O e5 8. Qc2
c6 9. Bg5 h6 10. Bd2 Nh5 11. dxe5 dxe5 12. g3 Nc5 13. Rad1 Qe7 14. b4 Ne6 15. c5
Rd8 16. Na4 Qc7 17. Nb2 b5 18. cxb6 axb6 19. a4 Bb7 20. Bc4 Qe7 21. a5 bxa5 22.
bxa5 c5 23. Na4 Qf6 24. Bxe6 fxe6 25. Nxc5 Qxf3 26. Nxb7 Rxd2 27. Rxd2 Nf4 28.
gxf4 Qg4+ 29. Kh1 Qf3+ 30. Kg1 Qg4+ 1/2-1/2

[Event "Millionaire Chess Op 2016"]
[Site "Atlantic City USA"]
[Date "2016.10.06"]
[Round "2.7"]
[White "Shimanov, Aleksandr"]
[Black "Carlsson, Pontus"]
[Result "1-0"]
[WhiteTitle "GM"]
[BlackTitle "GM"]
[WhiteElo "2639"]
[BlackElo "2436"]
[WhiteFideId "4198603"]
[BlackFideId "1705814"]
[EventDate "2016.10.06"]

1. Nf3 Nf6 2. c4 c5 3. Nc3 e6 4. g3 b6 5. Bg2 Bb7 6. O-O Be7 7. d4 cxd4 8. Qxd4
O-O 9. Rd1 d6 10. Bg5 Nc6 11. Qf4 Qb8 12. Bxf6 Bxf6 13. Rxd6 Na5 14. Rad1 Qc7
15. Rd7 Qxf4 16. gxf4 Rac8 17. Nd4 Bxg2 18. Kxg2 Nxc4 19. b3 Nb2 20. Rc1 Rc5 21.
Rc2 Rfc8 22. Rxb2 Bxd4 23. Rd2 Bf6 24. Ne4 R5c7 25. a4 Kf8 26. R7d3 Be7 27. Rd1
g6 28. Nd2 Rc3 29. Nc4 Rxd3 30. Rxd3 Ke8 31. Rc3 Rc5 32. b4 Rc6 33. b5 Rc5 34.
Kf3 f6 35. Rc2 Rh5 36. Kg3 g5 37. fxg5 Rxg5+ 38. Kf3 Rf5+ 39. Kg2 Rg5+ 40. Kf1
Rh5 41. Nd2 Kd7 42. Nf3 a6 43. bxa6 Ra5 44. Rc4 Rxa6 45. Nd4 Bc5 46. Nb5 f5 47.
e3 Kc6 48. Ke2 Ra8 49. Rh4 Ra5 50. Kd3 Bd6 51. Kc2 Be7 52. Rc4+ Bc5 53. Kb3 h6
54. Rc1 Kd5 55. Rc4 Ke5 56. Nc3 Kf6 57. Ne2 Ra8 58. Ng3 e5 59. Rc1 e4 60. Rd1
Ke5 61. Nh5 Rb8 62. Kc4 Ra8 63. Kb3 Ra5 64. Nf4 Bd6 65. Rd4 b5 66. Rd5+ 1-0

[Event "Millionaire Chess Op 2016"]
[Site "Atlantic City USA"]
[Date "2016.10.06"]
[Round "2.8"]
[White "Valdes Escobar, Alvaro"]
[Black "Cordova, Emilio"]
[Result "0-1"]
[WhiteTitle "IM"]
[BlackTitle "GM"]
[WhiteElo "2387"]
[BlackElo "2637"]
[WhiteFideId "3405451"]
[BlackFideId "3801497"]
[EventDate "2016.10.06"]

1. Nf3 c5 2. c4 b6 3. Nc3 Bb7 4. e4 e6 5. a3 d6 6. d4 cxd4 7. Nxd4 Nf6 8. f3 Be7
9. Be3 O-O 10. Be2 Nbd7 11. O-O a6 12. Qd2 Rc8 13. Rac1 Qc7 14. b4 Qb8 15. Rc2
Rfe8 16. Rb1 Bd8 17. Kh1 h5 18. Nb3 h4 19. Bf4 Bc7 20. Rd1 d5 21. Bxc7 Qxc7 22.
cxd5 exd5 23. Bd3 Qe5 24. f4 Qh5 25. e5 d4 26. Nxd4 h3 27. exf6 Nxf6 28. Be2
hxg2+ 29. Kg1 Qh3 30. Re1 Rcd8 31. Bf3 Bxf3 32. Rxe8+ Rxe8 33. Nxf3 Qxf3 34. Qf2
Qd3 35. Kxg2 Ng4 0-1

[Event "Millionaire Chess Op 2016"]
[Site "Atlantic City USA"]
[Date "2016.10.06"]
[Round "2.9"]
[White "Swiercz, Dariusz"]
[Black "Kaliksteyn, Alexander"]
[Result "1-0"]
[WhiteTitle "GM"]
[BlackTitle "FM"]
[WhiteElo "2636"]
[BlackElo "2412"]
[WhiteFideId "1126881"]
[BlackFideId "2007630"]
[EventDate "2016.10.06"]

1. e4 c5 2. Nf3 d6 3. d4 cxd4 4. Nxd4 Nf6 5. Nc3 g6 6. Be3 Bg7 7. f3 Nc6 8. Qd2
O-O 9. O-O-O d5 10. exd5 Nxd5 11. Nxc6 bxc6 12. Bd4 Bxd4 13. Qxd4 Qb6 14. Na4
Qc7 15. Bc4 Rd8 16. Nc5 Bf5 17. Bb3 Nf4 18. Qc4 Be6 19. Nxe6 Nxe6 20. g3 Rd6 21.
c3 Rad8 22. f4 Qb6 23. Qe2 Nc5 24. Bc4 e6 25. Rxd6 Rxd6 26. h4 h5 27. g4 hxg4
28. h5 gxh5 29. f5 Kf8 30. b4 exf5 31. bxc5 Qxc5 32. Rxh5 Kg7 33. Qe8 Qa3+ 34.
Kc2 Qa4+ 35. Bb3 Qe4+ 36. Qxe4 fxe4 37. Re5 Kg6 38. Rxe4 f5 39. Re8 f4 40. Be6
g3 41. Bg4 g2 42. Re1 Kg5 43. Bf3 Kh4 44. Bxg2 Kg3 45. Bf1 Kf2 46. Rb1 f3 47.
Bc4 Kg2 48. Rb7 1-0

[Event "Millionaire Chess Op 2016"]
[Site "Atlantic City USA"]
[Date "2016.10.06"]
[Round "2.10"]
[White "Jere, Daniel"]
[Black "Zhou, Jianchao"]
[Result "1/2-1/2"]
[WhiteTitle "IM"]
[BlackTitle "GM"]
[WhiteElo "2371"]
[BlackElo "2630"]
[WhiteFideId "8700249"]
[BlackFideId "8603537"]
[EventDate "2016.10.06"]

1. c4 c5 2. g3 Nc6 3. Bg2 g6 4. Nc3 Bg7 5. a3 d6 6. Rb1 e6 7. b4 Nge7 8. Nf3 O-O
9. O-O b6 10. e3 Bb7 11. d4 Nf5 12. Ne2 cxd4 13. e4 Nfe7 14. Nexd4 Nxd4 15. Nxd4
Qd7 16. Be3 Rfd8 17. Qb3 Nc6 18. Nf3 Qc7 19. Rfd1 Rac8 20. Rbc1 Ne5 21. Nxe5
Bxe5 22. c5 dxc5 23. Rxd8+ Qxd8 24. bxc5 Bd4 25. Rd1 e5 26. cxb6 Qxb6 27. Qxb6
Bxb6 28. Bxb6 axb6 29. Rb1 Rc3 30. f3 Rxa3 31. Rxb6 Ba6 32. Rb8+ Kg7 33. Ra8
Ra1+ 34. Kf2 Ra2+ 35. Kg1 Ra1+ 36. Kf2 Ra2+ 37. Kg1 Ra1+ 1/2-1/2

[Event "Millionaire Chess Op 2016"]
[Site "Atlantic City USA"]
[Date "2016.10.06"]
[Round "2.11"]
[White "Akobian, Varuzhan"]
[Black "Yang, Kaiqi"]
[Result "1-0"]
[WhiteTitle "GM"]
[BlackTitle "IM"]
[WhiteElo "2625"]
[BlackElo "2392"]
[WhiteFideId "13300580"]
[BlackFideId "8604398"]
[EventDate "2016.10.06"]

1. d4 Nf6 2. c4 g6 3. Nc3 d5 4. cxd5 Nxd5 5. Bd2 Bg7 6. e4 Nxc3 7. Bxc3 O-O 8.
Qd2 Nc6 9. d5 Ne5 10. f4 Ng4 11. Nf3 e6 12. Bxg7 Kxg7 13. O-O-O exd5 14. exd5
Re8 15. Bc4 Bf5 16. Rhe1 Rxe1 17. Rxe1 Nf6 18. Qd4 c5 19. dxc6 bxc6 20. Qc3 Qd6
21. Ne5 Rd8 22. Bxf7 Ne4 23. Qe3 Nc5 24. Bc4 Qd4 25. g3 a5 26. Qxd4 Rxd4 27. Rd1
Re4 28. b3 a4 29. Nxc6 Re3 30. Nd4 Bg4 31. Rd2 a3 32. Be2 Bxe2 33. Rxe2 Rc3+ 34.
Rc2 Ne4 35. Rxc3 Nxc3 36. Nc2 Nxa2+ 37. Kd2 Kf6 38. g4 h5 39. h3 hxg4 40. hxg4
Ke6 41. b4 Kd5 42. b5 Kc5 43. f5 gxf5 44. gxf5 1-0